| 000 | 02904nam0a2200529 4500 | ||
|---|---|---|---|
| 001 | RU\NLR\bibl\1848166 | ||
| 005 | 20260510063334.0 | ||
| 010 |
_a978-5-400-00429-2 _9300 |
||
| 021 |
_aRU _b2011-95887 _96877 |
||
| 035 | _a(nilc)RSL-KNO-005108824 | ||
| 035 | _a(NLR Aleph) 001838579 | ||
| 090 |
_a2240305 _c2240305 |
||
| 100 | _a20111205d2011 |||y0rusy50 ca | ||
| 101 | 0 | _arus | |
| 102 | _aRU | ||
| 105 | _aa ||||||||| | ||
| 200 | 1 |
_aСовременные подходы к повышению конкурентоспособности территориальных социально-экономических систем _eколлективная монография _f[Симонова М.В., асп., Симонова Л.М., д.э.н., проф., Иванова С.А., преп. и др. _gпод ред. Л. М. Симоновой] _gРос. Федерация. М-во образования и науки, ГОУ ВПО Тюменский гос. ун-т, Междунар. ин-т финансов, управления и бизнеса |
|
| 210 |
_aТюмень _cИзд-во Тюменского гос. ун-та _d2011 |
||
| 215 |
_a279 с. _cил. _d21 |
||
| 300 | _aАвт. указаны на с. 5 | ||
| 320 | _aБиблиогр. в конце частей | ||
| 606 | 1 |
_aМировое хозяйство _xПерспективы развития _91661246 _3RU\NLR\auth\66736095 |
|
| 606 | 1 |
_aПромышленные кластеры _92416672 _3RU\NLR\auth\661439494 |
|
| 606 | 1 |
_aКонкурентоспособность _91112705 _3RU\NLR\auth\66439734 |
|
| 610 | 0 | _aконкурентоспособность территориальных социально-экономических систем | |
| 610 | 0 | _aстраны БРИК | |
| 610 | 0 | _aинновационно-промышленные комплексы | |
| 610 | 0 | _aкластеризация экономики | |
| 610 | 0 | _aинновационная крнкурентоспособность | |
| 686 |
_aУ9(2)300-43,0 _2rubbk |
||
| 686 |
_aУ530.0-43,0 _2rubbk |
||
| 686 | _aУ03(0)63 | ||
| 686 | _aУ30(0)-431.5 | ||
| 686 | _aУ5-13 | ||
| 701 | 1 |
_aСимонова _bМ. В. _gМария Владимировна _4070 |
|
| 701 | 1 |
_aСимонова _bЛ. М. _gЛюдмила Михайловна _4070 |
|
| 701 | 1 |
_4070 _8rus _7ca _aИванова _bС. А. _cканд. экон. наук _gСветлана Александровна _3RU\NLR\AUTH\7774112 _957040 |
|
| 702 | 1 |
_aСимонова _bЛ. М. _gЛюдмила Михайловна _4340 |
|
| 712 | 0 | 2 |
_4570 _aТюменский государственный университет _3RU\NLR\AUTH\889946979 _9389575 |
| 801 | 0 |
_aRU _bRuMoRKP _c20111205 _grcr |
|
| 801 | 1 |
_aRU _bРГБ _c20111205 |
|
| 801 | 2 |
_aRU _bNLR _c20111215 _grcr |
|
| 942 | _cBOOK | ||
| 980 | _aNB | ||
| 980 | _aNBR | ||